Potraviny so zdravotným a výživovým tvrdením

Uložené v:
Podrobná bibliografia
Hlavný autor: Paganová, Klára (Autor)
Ďalší autori: Šimko, Peter (Vedúci práce)
Médium: Rukopis Kniha
Jazyk:Slovak
Vydavateľské údaje: 2018
Predmet:
On-line prístup:http://is.stuba.sk/zp/portal_zp.pl?podrobnosti=132823
Tagy: Pridať tag
Žiadne tagy, Buďte prvý, kto otaguje tento záznam!

MARC

LEADER 00000ntm a22000003a 4500
001 stuzp70054
003 SK-STU
005 20180623211348.3
007 ta
008 150427s2015----xo-----f-mn---000-0-slo-d
040 |a STU  |b slo 
041 0 |a slo 
100 1 |a Paganová, Klára  |u 040200  |4 aut  |U FCHPT Fakulta chemickej a potravinárskej technológie  |T FCHPT Ústav potravinárstva a výživy  |X 82173  |U C020  |Y 684  |7 82173 
242 0 1 |a Functional foods  |y eng 
245 1 0 |a Potraviny so zdravotným a výživovým tvrdením 
260 |c 2018 
650 4 |a potraviny so zdravotným a výživovým tvrdením  |2 slo 
650 4 |a probiotiká  |2 slo 
650 4 |a prebiotiká  |2 slo 
650 4 |a synbiotiká  |2 slo 
650 4 |a food with health and nutrition claims  |2 eng 
650 4 |a synbiotics  |2 eng 
650 4 |a probiotics  |2 eng 
650 4 |a prebiotics  |2 eng 
700 1 |a Šimko, Peter  |u 040250  |k Z1  |4 ths  |U FCHPT Ústav potravinárstva a výživy  |T FCHPT Oddelenie potravinárskej technológie  |X 5101  |U C0250  |Y 685  |7 A0000005101 
856 4 |u http://is.stuba.sk/zp/portal_zp.pl?podrobnosti=132823